export_success — 

Buku Cenderamata 50 Tahun Jabatan Penilaian dan Perkhimatan Harta (JPPH) : edisi khas.

Bibliographic Details
Corporate Author: Kementerian Kewangan Malaysia
Format: Book
Published: [S.l]: Jabatan Penilaian dan Perkhidmatan Harta Kementerian Kewangan Malaysia, 2007.
Subjects:
LEADER 00644cam a2200169 7i4500
001 0000022452
005 20090408090000.0
090 0 0 |a M 351   |b KEM 
110 2 0 |a Kementerian Kewangan Malaysia 
245 0 0 |a Buku Cenderamata 50 Tahun Jabatan Penilaian dan Perkhimatan Harta (JPPH) :   |b edisi khas. 
260 0 0 |a [S.l]:   |b Jabatan Penilaian dan Perkhidmatan Harta Kementerian Kewangan Malaysia,   |c 2007. 
300 # # |a 147 p. 
650 0 0 |a Goverment Publication --   |z Malaysia  
650 0 0 |a Commercial real estate --   |z Malaysia  
650 0 0 |a Industrial real estate --   |z Malaysia  
651 0 0 |a Malaysia  
999 |a 0000021182  |b Book  |c Malaysia  |e Business Information Centre